| 000 | 00399nam a22001697a 4500 | ||
|---|---|---|---|
| 005 | 20160616130028.0 | ||
| 008 | 160616b xxu||||| |||| 00| 0 eng d | ||
| 020 | _a0-415-18530-0 | ||
| 041 | _aeng | ||
| 082 | _b7990 | ||
| 100 |
_aFlood, Roberts Lovis _92115 |
||
| 245 | _aRethenring the fifth descipline | ||
| 260 |
_bRoutlege _c2002 |
||
| 300 | _a194 | ||
| 650 |
_aManagement _9241 |
||
| 942 | _cBK | ||
| 999 |
_c2959 _d2958 |
||